| 000 | 01178nam a2200361Ia 4500 | ||
|---|---|---|---|
| 001 | Para_8785 | ||
| 003 | CHAP | ||
| 008 | 220125s2003 xx 000 0 und d | ||
| 010 | _a207566 | ||
| 040 | _cCHAP | ||
| 082 | _aPA 630.72 P7 2003 | ||
| 111 |
_aPresentación de trabajos de Investigación, producción y servicio. Recorrido de campo (19:2003:Chapingo, Méx.) _9174132 |
||
| 245 |
_aMemorias / _c Campo Agrícola Experimental |
||
| 260 |
_aChapingo, Méx. : _b Universidad Autónoma Chapingo |
||
| 300 | _a302 p. | ||
| 650 |
_aAcolchado de suelos _9623 |
||
| 650 |
_aAmaranthus _95103 |
||
| 650 |
_aCalabaza _917261 |
||
| 650 |
_aFrijol _x enfermedades _943367 |
||
| 650 |
_aFrijol _x investigación _943397 |
||
| 650 |
_aMaíz _x enfermedades por hongos _970941 |
||
| 650 |
_aMaíz _x mejoramiento _971006 |
||
| 650 |
_aMaíz _x plagas _971034 |
||
| 650 |
_aTrigo _x investigación _9115046 |
||
| 710 |
_aUACh. Campo Agrícola Experimental _9115823 |
||
| 901 | _aPA 630.72 P7 2003 | ||
| 902 | _aA | ||
| 905 | _a0000002003 in 0000000000 00 | ||
| 910 | _a2003 | ||
| 942 | _cPARA | ||
| 942 |
_cPARA _d1 |
||
| 999 |
_c207566 _d207566 |
||